Formula One Racing: Late 2000s - Statistics

General Stats
  • This quiz has been taken 59 times
  • The average score is 96 of 184
Answer Stats
# Nat. Answer % Correct
1 DEU Michael Schumacher
100%
17 DEU Ralf Schumacher
100%
5 ESP Fernando Alonso
97%
Lucky Strike BAR Honda
97%
2 BRA Rubens Barrichello
97%
3 GBR Jenson Button
93%
2 GBR Lewis Hamilton
93%
Ferrari
90%
6 ITA Giancarlo Fisichella
90%
16 ITA Jarno Trulli
90%
17 POL Robert Kubica
90%
Scuderia Ferrari Marlboro
90%
AT&T Williams
87%
AT&T Williams Racing
87%
BMW WilliamsF1 Team
87%
12 BRA Felipe Massa
87%
ING Renault F1 Team
87%
9 FIN Kimi Räikkönen
87%
7 AUS Mark Webber
87%
Mild Seven Renault F1 Team
87%
Red Bull Racing
87%
Renault
87%
10 DEU Sebastian Vettel
87%
Team McLaren Mercedes
87%
Vodafone McLaren Mercedes
87%
Williams F1 Team
87%
BMW Sauber F1 Team
83%
14 GBR David Coulthard
83%
Honda
83%
Honda Racing F1 Team
83%
Lucky Strike Honda Racing F1 Team
83%
Mercedes
83%
Yas Marina Circuit
83%
Autodromo Nazionale di Monza
80%
BMW
80%
Brawn GP Formula 1 Team
80%
Circuit de Spa-Francorchamps
80%
European
80%
German
80%
4 FIN Heikki Kovalainen
80%
Italian
80%
Japanese
80%
10 COL Juan Pablo Montoya
80%
10 DEU Nico Rosberg
80%
Spanish
80%
4 JPN Takuma Sato
80%
United States
80%
Autódromo José Carlos Pace
77%
Bahrain
77%
Bahrain International Circuit
77%
Belgian
77%
Brazilian
77%
British
77%
Circuit de Monaco
77%
French
77%
Hungarian
77%
Hungaroring
77%
Monaco
77%
Nürburgring
77%
Red Bull Scuderia Toro Rosso
77%
Scuderia Toro Rosso
77%
Silverstone Circuit
77%
Suzuka Circuit
77%
Australian
73%
Autodromo Internazionale Enzo e Dino Ferrari
73%
Canadian
73%
Hockenheimring
73%
11 CAN Jacques Villeneuve
73%
Malaysian
73%
Panasonic Toyota Racing
73%
Toyota
73%
Albert Park Circuit
70%
Chinese
70%
10 JPN Kamui Kobayashi
70%
Marina Bay Street Circuit
70%
8 DEU Nick Heidfeld
70%
10 ESP Pedro de la Rosa
70%
Sauber Petronas
70%
Sepang International Circuit
70%
Shanghai International Circuit
70%
Singapore
70%
Abu Dhabi
67%
Circuit Gilles Villeneuve
67%
Indianapolis Motor Speedway
67%
8 FRA Romain Grosjean
67%
Turkish
67%
Circuit de Catalunya
63%
Circuit de Nevers Magny-Cours
63%
San Marino
63%
12 CHF Sébastien Buemi
63%
10 DEU Timo Glock
63%
15 ITA Vitantonio Liuzzi
63%
Force India F1 Team
60%
Kingfisher Force India F1 Team
60%
6 BRA Nelson Piquet, Jr
60%
Valencia Street Circuit
60%
10 AUT Alexander Wurz
57%
Fuji Speedway
57%
Jordan Grand Prix
57%
Minardi F1 Team
57%
20 DEU Adrian Sutil
53%
15 AUT Christian Klien
53%
21 USA Scott Speed
53%
4 GBR Anthony Davidson
50%
Etihad Aldar Spyker F1 Team
50%
Istanbul Park
50%
17 JPN Kazuki Nakajima
50%
14 FRA Sébastien Bourdais
50%
Spyker MF1 Racing
50%
Cosworth
47%
19 IND Narain Karthikeyan
43%
23 JPN Sakon Yamamoto
43%
21 NED Christijan Albers
40%
Super Aguri F1 Team
40%
11 ESP Jaime Alguersuari
37%
3 ITA Luca Badoer
37%
21 DEU Markus Winkelhock
37%
RB5
37%
18 PRT Tiago Monteiro
37%
23 JPN Yuji Ide
37%
F2005
33%
Midland F1 Racing
33%
RB1
33%
RB2
33%
RB3
33%
RB4
33%
20 MCO Robert Doornbos
33%
F2004M
27%
F2007
27%
F2008
27%
FW27
27%
8 BRA Antônio Pizzonia
23%
C24
23%
FW28
23%
FW29
23%
FW30
23%
FW31
23%
MP4-20
20%
MP4-21
20%
MP4-22
20%
MP4-23
20%
Petronas
20%
STR1
20%
STR2
20%
STR2B
20%
STR3
20%
STR4
20%
23 FRA Franck Montagny
17%
MP4-24
17%
R25
17%
17 BRA Ricardo Zonta
17%
R26
13%
BGP 001
10%
20 AUT Patrick Friesacher
10%
R27
10%
R28
10%
R29
10%
VJM01
10%
VJM02
10%
F8-VII(B)
7%
007
3%
EJ15(B)
3%
F1.06
3%
F1.07
3%
F1.08
3%
F1.09
3%
F60
3%
M16
3%
PS04B
3%
PS05
3%
SA05
3%
SA06
3%
SA07
3%
SA08
3%
248 F1
0%
RA106
0%
RA107
0%
RA108
0%
TF105(B)
0%
TF106(B)
0%
TF107
0%
TF108
0%
TF109
0%
No matching quizzes found
Score Distribution
Percent of People with Each Score
Percentile by Number Answered
Your Score History
You have not taken this quiz